| 000 | 00698nam a2200229 i 4500 | ||
|---|---|---|---|
| 001 | 45645 | ||
| 003 | ES-MaACL | ||
| 005 | 20250822063118.0 | ||
| 007 | t| | ||
| 008 | 030326s1978 sp a ||||1| spa d | ||
| 080 | _a355(46)"1895/98" | ||
| 080 | _a972.91"1895/98" | ||
| 100 | 1 |
_aColoma Payá, Rafael _9156348 |
|
| 245 | 1 | 3 |
_aEl "Vizcaya" en Cuba / _cRafael Coloma. |
| 260 |
_aAlicante : _bCaja de Ahorros Provincial, _c1978. |
||
| 300 |
_a238 p. : _bil. ; _c22 cm. |
||
| 500 | _aÍndice. | ||
| 650 | 4 |
_aGuerra hispano-americana, 1898- _xOperaciones navales. _9156352 |
|
| 650 |
_aBatalla de Santiago de Cuba, 1898. _9172174 |
||
| 852 |
_aES-MaACL _jA-9507 |
||
| 999 |
_c45645 _d45645 |
||